|
|
|
|
| LEADER |
01954nim a2200565 i 4500 |
| 001 |
001698251 |
| 003 |
CZ BrMZK |
| 005 |
20190924105432.0 |
| 007 |
sd fungnnmmned |
| 008 |
190801t20172017xr ||nne f n cze |
| 015 |
|
|
|a cnb003077842
|
| 024 |
3 |
|
|a 8594169481210
|
| 028 |
0 |
1 |
|a AK121
|b OneHotBook
|
| 040 |
|
|
|a BOA001
|b cze
|e rda
|
| 041 |
1 |
|
|d cze
|h nor
|
| 072 |
|
7 |
|a 821.11
|x Germánské literatury
|2 Konspekt
|9 25
|
| 080 |
|
|
|a 821.113.5-32
|2 MRF
|
| 080 |
|
|
|a (0:82-322.4)
|2 MRF
|
| 080 |
|
|
|a (086.7)08
|2 MRF
|
| 080 |
|
|
|a (086.76)
|2 MRF
|
| 100 |
1 |
|
|a Nesbø, Jo,
|d 1960-
|7 xx0037547
|4 aut
|
| 240 |
1 |
0 |
|a Mere blod.
|l Česky
|7 aun2015894005
|
| 245 |
1 |
0 |
|a Půlnoční slunce /
|c Jo Nesbø
|
| 264 |
|
1 |
|a [Praha] :
|b OneHotBook,
|c 2017
|
| 264 |
|
4 |
|c ℗2017
|
| 300 |
|
|
|a 11 audiodisk (5 hod., 14 min.) ;
|c 12 cm
|
| 306 |
|
|
|a 051400
|
| 336 |
|
|
|a mluvené slovo
|b spw
|2 rdacontent
|
| 337 |
|
|
|a audio
|b s
|2 rdamedia
|
| 338 |
|
|
|a audiodisk
|b sd
|2 rdacarrier
|
| 344 |
|
|
|a digital
|b optical
|2 rda
|
| 347 |
|
|
|a audio soubor
|b MP3
|2 rda
|
| 500 |
|
|
|a Název z disku
|
| 500 |
|
|
|a Podnázev na pouzdře: Krev na sněhu II
|
| 500 |
|
|
|a Z norštiny přeložila Kateřina Krištůfková
|
| 501 |
|
|
|a Podle stejnojmenné knihy vydané nakladatelstvím Kniha Zlín v roce 2015
|
| 508 |
|
|
|a Režie Michal Bureš
|
| 511 |
0 |
|
|a Čte Václav Neužil
|
| 655 |
|
7 |
|a norské novely
|7 fd183165
|2 czenas
|
| 655 |
|
7 |
|a detektivní novely
|7 fd132007
|2 czenas
|
| 655 |
|
7 |
|a audioknihy
|7 fd119452
|2 czenas
|
| 655 |
|
7 |
|a kompaktní disky
|7 fd201991
|2 czenas
|
| 700 |
1 |
|
|a Krištůfková, Kateřina,
|d 1974-
|7 js20030929005
|4 trl
|
| 700 |
1 |
|
|a Bureš, Michal,
|d 1976-
|7 xx0093160
|4 drt
|
| 700 |
1 |
|
|a Neužil, Václav,
|d 1979-
|7 pna2010554465
|4 nrt
|
| 740 |
0 |
2 |
|a Krev na sněhu II
|
| 910 |
|
|
|a BOA001
|b CDR-1431.863
|
| 990 |
|
|
|a AV
|
| 991 |
|
|
|b 201909
|c NOV
|
| 996 |
6 |
|
|b 2610790329
|c CDR-1431.863
|l MZK
|r Sklad / do 24 hodin
|n 0
|p p.v.
|w 001745377
|u 000010
|a 1
|e BOA001
|j MZK50
|s P
|